Письмо графа Линден Анне Христофоровне Деляновой

Доступно только в Электронных читальных залах Найти на картеНа карте
RUSMARC
00004101nmc2a22000003x 450
00133bd9d8b-bef4-45fd-b8c0-f8cd81ecf116
00520210217173137.0
100##$a20190731l18841890k l0rusy0189 ca
1010#$arus
$afre
102##$aRU
2001#$aПисьмо графа Линден Анне Христофоровне Деляновой
$j14 июля 1884 г. - 5 апреля 1890 г.
251##$cДело
300##$aПисьма разных лиц к Анне Христофоровне Деляновой (жене И.Д.)
300##$aНа русском и французском языках
801#0$aRU
$bРГИА
$c20190731
$gRCR
801#1$aRU
$bГлавНИВЦ
$c20190731
$2rusmarc
801#2$aRU
$bПБ им. Б.Н. Ельцина
$c20210217
$gRCR
$2rusmarc
850##$aРГИА
852##$aРГИА
$eФедеральное казенное учреждение "Российский государственный исторический архив" (РГИА)
$j622
937##$hРГИА
$d12276254
$aASBIBLIO_SCAN
462#0$10013dfa799b-3a50-4673-b3be-8a348f2dcc4f
$12001
$aЛичные, служебные и имущественные документы И. Д. Делянова. Переписка И. Д. Делянова и членов его семьи. Служебная переписка директора Департамента народного просвещения Н. М. Аничкова
$1251
$cОпись
$1852
$j1
461#0$100199155341-bdc0-4986-8135-aafdb775052f
$12001
$aДелянов Иван Давыдович, граф, статс-секретарь, управляющий делами Секретного комитета о раскольниках, попечитель учебного округа, директор Публичной библиотеки, министр народного просвещения
$1251
$cФонд
$1852
$j1604
215##$a17 л.
$d32х21 см
371##$aДокумент не является опубликованным и широко распространяемым
105##$ay###
1222#$ad
035##$a33bd9d8b-bef4-45fd-b8c0-f8cd81ecf116
856##$uhttp://readingroom.main.prlib.ru/item.aspx?id_node=n157389261&mode=full
Формат отображения